000 00437ntaaa2200181 4500
003 01
005 20251027201656.0
008 0714s1973 ag 01
040 _aAR-BaBN
_bspa
_cAR-BaBN
_eaacr
_dRIC
082 _a232.9500 K63j
100 _aKirk, Andrés
_91061
245 _aJesucristo revolucionario
250 _a1 ed.
260 _aBuenos Aires :
_bAurora,
_c1974
300 _a240 p
650 _aJesús-etica
_915463
942 _cBK
999 _c11519
_d11519